Εναλλακτικά σενάρια διαχείρισης του εθνικού υγροτοπικού πάρκου δέλτα Γαλλικού, Αξιού-Λουδία-Αλιάκμονα [και] αλυκών Κίτρους : κοινωνικές διαστάσεις

Αποθηκεύτηκε σε:
Λεπτομέρειες βιβλιογραφικής εγγραφής
Κύριος συγγραφέας: Παντελή, Μαρία Χ.
Συγγραφή απο Οργανισμό/Αρχή: Πανεπιστήμιο Αιγαίου Σχολή Περιβάλλοντος Τμήμα Περιβάλλοντος Πρόγραμμα Μεταπτυχιακών Σπουδών Γεωργία και Περιβάλλον
Άλλοι συγγραφείς: Τζόουνς, Νικολέτα (Εισηγητής διατριβής), Δημητρακόπουλος, Παναγιώτης Γ. (Εισηγητής διατριβής)
Μορφή: Thesis Βιβλίο
Γλώσσα:Greek
Δημοσίευση: 2010
Θέματα:
Διαθέσιμο Online:http://hdl.handle.net/11610/15323
Ετικέτες: Προσθήκη ετικέτας
Δεν υπάρχουν, Καταχωρήστε ετικέτα πρώτοι!

MARC

LEADER 00000cam a2200000 i 4500
001 1/15332
008 111003s2010 gre d
035 |l 10110939 
040 |a GR-MY-UA  |b gre  |e aacr 
041 0 |a gre 
082 0 |a 333.72  |2 (22) 
100 1 |a Παντελή, Μαρία Χ. 
245 1 0 |a Εναλλακτικά σενάρια διαχείρισης του εθνικού υγροτοπικού πάρκου δέλτα Γαλλικού, Αξιού-Λουδία-Αλιάκμονα [και] αλυκών Κίτρους :  |b κοινωνικές διαστάσεις /  |c Παντελή Μαρία ; υπεύθυνος καθηγητής: Δημητρακόπουλος Παναγιώτης, συνεπιβλέπουσα: Νικολέτα Τζόουνς 
260 |c 2010 
300 |a 119 σ.;  |b εικ.;  |c 30 εκ. 
500 |a Βιβλιογραφία: σ. 92-108 
502 |a Διατριβή (μεταπτυχιακή) – Πανεπιστήμιο Αιγαίου, Λέσβος, 2010. 
650 0 |a Protected areas  |x Management  |z Greece  |z Kentrike Makedonia. 
650 0 |a National parks and reserves  |z Greece  |z Kentrike Makedonia. 
650 0 0 |a Environmental protection  |x Public opinion. 
650 0 0 |a Environmental protection  |x Social aspects. 
650 0 0 |a Dissertations, Academic  |z Greece. 
700 1 |a Τζόουνς, Νικολέτα.  |4 ths 
700 1 |4 ths  |a Δημητρακόπουλος, Παναγιώτης Γ. 
710 2 |a Πανεπιστήμιο Αιγαίου  |b Σχολή Περιβάλλοντος  |b Τμήμα Περιβάλλοντος  |b Πρόγραμμα Μεταπτυχιακών Σπουδών Γεωργία και Περιβάλλον. 
852 |a INST  |b LESVOS  |c DIATR  |e 20111003  |h 349  |p 005100051487  |q 005100051487  |t MTXE  |y 23 
852 |a INST  |b LESVOS  |c DIATR  |e 20111003  |h 350  |p 005100051488  |q 005100051488  |t MTXE  |y 23 
856 |u http://hdl.handle.net/11610/15323 
901 |a BIBL1-2011-3 
909 |a Λ  |b 171679 
909 |a Λ  |b 171680 
924 |a ΠΑΝΤΕΛΗ  |b ΜΑΡΙΑ  |y ΛΕΣΒΟΣ  |z 2010-11 
970 |a ΤΖΑΦΕΡΗ  |b ΕΥΑΓΓΕΛΙΑ  |z 2011/10/02